000 00409nam a22001457a 4500
003 OSt
005 20220214095116.0
008 220214b |||||||| |||| 00| 0 eng d
020 _a0130602418
040 _cHU
082 _23rd
_a627.381
100 _aKissell
_930343
245 _aIndustrial Electronics A For Programmable Controllers instrumentation & Process Control & Electrucal..
942 _2ddc
_cBOOKS
_n0
999 _c30122
_d30122